MDQL
is popping MORE tags! Check the
thread
!
Quizzes
Events
Quiz Creation
Community
Videos
Private Events
Remove Ads
Sign In
Join for FREE
Feedback
Dark Mode
Quiz Categories
Sports
Geography
Music
Movies
Television
Just For Fun
Miscellaneous
History
Literature
Language
Science
Gaming
Entertainment
Religion
Holiday
For Kids
Quiz Lab
Recent
Popular Today
Quiz Kudos Today
Editor Picks
Curator Picks
Quizzes by...
Day
Popularity
Type
Ratings
Length
Year
Community
Subscriptions
Recent Discussions
Orange Saloon
Badges
Playlists
Quests
Create
Leaderboards
Showdown
Live 5
Trivia Bingo
Activity
Puzzle Library
Sporcle Events
Private Events
Virtual Trivia
Globe League
Become a Host
Pub Owners
SporcleCon
Opinionation
Our Games
Videos
Blog
Mobile Apps
Partnerships
Remove Ads and Go Orange
Feedback
Music
Pop Music
The Beatles
Song
Album
Lyrics
Bands
Singers
Artist
Clip
Rock
Rap
Classical
Billboard
Country Music
Kpop
Taylor Swift
Music
Pop Music
The Beatles
Song
Album
Lyrics
Bands
Singers
Artist
Clip
Rock
Rap
Classical
Billboard
Country Music
Kpop
Taylor Swift
Random Quiz
Search Sporcle
×
Quiz Lab
Quiz Lab
Music
third
Type in answers that appear in a list
Type in answers that appear in a list
Classic
Best Score? Go Orange.
Third Eye Blind Lyrics Stats
Can you name the Third Eye Blind Lyrics?
By
GA2011
12m
19 Questions
331 Plays
331 Plays
331 Plays
Comments
Comments
Give Quiz Kudos
Give Quiz Kudos
-
- Ratings
hide this ad
Random Order
Randomize order of answers
Randomize order of answers
Replay
Link that replays current quiz
Next Quiz
Link to next quiz in quiz playlist
You Got
0%
They Got
Avg Score
55%
Avg Friend Score
Upgrade to see
Score Distribution
Jump to the score distribution portion of the page
Score
0/19
Timer
12:00
0
Plays Today
Song Lyrics
Song Name
% Correct
When I'm with you I feel like I could die and that would be alright.
Semi-Charmed Life
90%
Nickles and dimes, yours and mine, did you cash in all your dreams?
Never Let You Go
77.3%
You're guiltless and free, I hope you take a piece of me with you.
Motorcycle Drive By
73.4%
There's a knock to his fist as he swings. Oh man, what a beautiful thing.
Slow Motion
71.3%
Well, I never claimed to understand what happens after dark.
Wounded
67.4%
I don't see lightning like last fall, When it was always about to hit me.
How's it Going to Be
67.1%
Your voice sounds like money and your face is cute.
Losing a Whole Year
61.9%
Wonder why the wind keeps blowing you through my mind.
Crystal Baller
57.7%
Me I'm a fool spent from defiance, Yeah you got me but I didn't give up on you.
Blinded
57.1%
It's always the fallen one's who think they're gonna save me.
Faster
55%
Song Lyrics
Song Name
% Correct
Funny how she always cried out 'Daddy.'
10 Days Late
54.4%
Do you live the days you go through?
Graduate
54.4%
And the guy in the pulpit is a biggot and a liar.
Non-Dairy Creamer
51.7%
You stole my soul or I gave it to you.
Summer Town
42.3%
Believe in me and this lie. Tell me everything will be alright, 'cause it's so good to believe.
Palm Reader
41.1%
I know chasing after you won't change a thing and I hope you find it through this endless wandering.
Water Landing
39.3%
Who am I? We both don't know.
Forget Myself
38.7%
If I could bottle my hopes in a store bought scent, they'd be nutmeg-
peach and they'd pay the rent.
An Ode to Maybe
32.3%
I ride with souls who find no peace, Still I look to you to find release.
Can't Get Away
30.8%
Quiz Playlist
Details
Report
Send in Message
Add To Playlist
Classic:
Type in answers that appear in a list
Random Order:
Randomize order of answers
Last Updated: Feb 16, 2017
Quiz Scoreboard
CHALLENGE
Sign Up to Join the Scoreboard
Show All
Scores
Hide
Comments
May contain spoilers
Recently Published
Colored Red Africa Blitz
by spor1
Geography
30s
Find the 'City' Movie
by crazypaving
Movies
60s
5x2 Blitz: Bands
by SL_Kpop136
Music
30s
More to Explore
Quiz From the Vault
Featured Blog Post
14 Easter Pick-up Lines to Find Eggs With
hide this ad
You Might Also Like...
Tags
blind
Eye
Eye Blind
third
Today's Top Quizzes in Music
Browse Music
hide this ad
Today's Top Quizzes in third
Browse third
Top Contributed Quizzes in Music
1
5X2 Blitz: Bands II
2
Taylor Swift All Songs (2024)
3
5X2 Blitz: The Beatles
4
5X2 Blitz: Billboard
5
Taylor Swift Logic Puzzle
6
Taylor Swift Logic Puzzle II
7
5X2 Blitz: Album
8
5X2 Blitz: Billboard II
9
Music Artist by Three 2010s hits
10
5X2 Blitz: Rock
Explore More
Trending Topics
Marvel
Disney
Harry Potter
Kpop
NBA
Anime
Crossword
WWE
Country
The Office
Song
NFL
Pokémon
Soccer
Puzzle
hide this ad
More By:
GA2011
Quiz
Plays
Rating
Category
Featured
Created
Third Eye Blind Lyrics
331
4.00
Music
Oct 12, 2010
Go to Creator's Profile
Score Distribution
Quiz Creator Spotlight
GA2011
Follow
Send a Message
Quizzes Created
-
Created Quiz Play Count
-
More By This Creator
Popular Quizzes Today
1
5x2 Blitz: Bands
2
Find the 'City' Movie
3
Find the US States - No Outlines Minefield
4
Colored Red Africa Blitz
5
The Countries of the World
6
Find the US States
7
9x9 Crossword: Cartoon Network
8
Risky Map Clicking: Biggest States A-Z
More Music Quizzes
boy story members
Quiz Lab
Trending Quizzes
Colored Red Africa Blitz II
Colored Red Europe Blitz I
Find the 'Dark' Movie
Find the 'Day' Movie
Find the 'Good' Movie
Recently Updated
Champions League XIs: Real Madrid
pecheneg
Largest US Cities 1790-2010
pecheneg
Rides in Walt Disney World
pecheneg
Most Oscar Losses (Acting)
pecheneg
Beyoncé Albums
pecheneg
Leaping Animals
pecheneg
Reality TV Shows (A-Z)
bhenderson79
Rickey Henderson's Hall of Fame Teammates
pecheneg
Champions League XIs: Arsenal
pecheneg
Quick Pick: Celebrities in WWE's Hall of Fame
aduchscher
Trending Topics
Marvel
Kpop
Disney
NBA
Harry Potter
Anime
Crossword
Pokémon
Song
The Office
NFL
Puzzle
Country
WWE
Soccer
Your Account Isn't Verified!
In order to create a playlist on Sporcle, you need to verify the email address you used during registration. Go to your
Sporcle Settings
to finish the process.
Report this User
Report this user for behavior that violates our
Community Guidelines
.
Details:
Send Report
Go to the Sporcle.com Mobile Site →
Comments